Tootsie /

Na minha lista:
Detalhes bibliográficos
Outros Autores: Hoffman, Dustin, Pollack, Sydney, Lange, Jessica, Garr, Teri
Formato: Slides
Idioma:Língua italiana
Publicado em: [S.l.] : RCA/Columbia pictures, p1990
Colecção:Winners. Grandi film da collezione
Tags: Adicionar Tag
Sem tags, seja o primeiro a adicionar uma tag!

MARC

LEADER 00000ngm a22000007i 4500
001 IT\ICCU\UBO\2130087
003 ItRI
005 20260124182922.0
008 071002s1990 it |||||||||||||||k|||||c
028 4 2 |a CVT20142 
040 |b ita 
041 7 |a ita  |2 ISO-639-2 
130 0 |a Tootsie <film ; 1982>  |3 IT\ICCU\UBO\3291706 
245 0 0 |a Tootsie /  |c directed by Sydney Pollack ; music by Dave Grusin ; director of photography Owen Roizman ; executive producer Charles Evans ; story by Don McGuire and Larry Gelbart ; produced by Sydney Pollack and Dick Richards. 
260 |a [S.l.] :  |b RCA/Columbia pictures,  |c p1990 
300 |a 1 videocassetta (VHS) (ca. 112 min.) :  |b color., son 
500 |a Tit. del contenitore 
500 |a Film del 1982, prod. USA; interpreti: Dustin Hoffman, Jessica Lange, Terri Garr. 
700 1 |a Hoffman, Dustin  |0 IT\ICCU\MILV\099950 
700 1 |a Pollack, Sydney  |0 IT\ICCU\RAVV\089536 
700 1 |a Lange, Jessica  |0 IT\ICCU\RAVV\089722 
700 1 |a Garr, Teri  |0 IT\ICCU\RAVV\089809 
830 0 |a Winners. Grandi film da collezione  |0 IT\ICCU\TO0\0917344 
942 |2 ddc  |c VM  |n 0 
952 |0 0  |1 0  |4 0  |6 VO_96_000000000000000  |7 0  |9 28055  |a BO  |b BO  |d 2026-01-24  |i 6295  |l 0  |o VO 96  |p BO6295  |r 2026-01-24 18:29:22  |w 2026-01-24  |x [Sebina 5] [1 videocassetta]  |y VM  |z 1 videocassetta 
981 1 |6 z01  |a b   |b xa2e  
982 1 |6 z01  |a g 
999 |c 23779  |d 23779